00922 a2200169 450000500170000002000180001708200190003511100080005424501250006226000510018730000570023885601570029594200130045299900150046595201410048095201310062120250602091344.0 a0-7517-1612-X aLECT 657.3 AAT aAAT aTechnician unit 12: Drafting financial statements (Central government): For assessment in December 2004 and June 2005.  aLondon, bBPP professional education, c2004.  axviii, 232p.: ill.; figure, picture, table. c30cm.  yAccess online bookfTechnician unit 12: Drafting financial statements (Central government): For assessment in December 2004 and June 2005. dww.bpp.com 2ddccBKS c2971d2971 r2025-06-02 09:14:31l0oLECT 657.3 AATp00000010586v83655.00w2025-06-02yBKS102ddc407000aCBEMLbCBEMLcGENd2006-11-01g27885.00 r2025-06-29 11:01:57l0o657.3 AATpDOM000746v83655.00w2025-06-29yBKS102ddc407000a004b004cGENd2006-11-01g27800.00